| 000 | 00508nam a2200157 i 4500 | ||
|---|---|---|---|
| 001 | 81944 | ||
| 003 | ES-MaACL | ||
| 005 | 20230906174536.0 | ||
| 007 | t| | ||
| 008 | 041108s1970 sp ||||1| spa d | ||
| 100 | 1 |
_aIglesias Selgas, Carlos. _965137 |
|
| 245 | 1 | 0 |
_aInformes sobre la Ley Sindical (para exámen y corrección) / _cCarlos Iglesias Selgas. |
| 260 |
_aMadrid : _b[Ediciones y Publicaciones Populares : _bD.N.S.], _c1970. |
||
| 300 |
_a207 fol. ; _c31 cm. |
||
| 852 |
_aES-MaACL _jC-41679 _bR.75149 |
||
| 999 |
_c81944 _d81944 |
||